| 000 | 00655nam a2200205Ia 4500 | ||
|---|---|---|---|
| 003 | GCL | ||
| 008 | 140319s9999 xx 000 0 ara d | ||
| 040 |
_aGCL / _cGCL |
||
| 082 | 0 | 4 |
_a332.34 _bر ح |
| 100 | 1 | _aرمزى زكى | |
| 245 | 1 | 0 |
_aحوار حول الديون والاستقلال : مع دراسة عن الوضع الراهن لمديونية مصر / _cرمزى زكى |
| 260 |
_a[S.N] : _bمكتبة مدبولى ، _c1986 |
||
| 300 | _a170 ص | ||
| 490 | _a | ||
| 650 | 0 | 4 | _aمصر |
| 650 | 0 | 4 | _aالديون الخارجية |
| 650 | 0 | 4 | _aالقروض الاجنبية |
| 650 | 0 | 4 | _aالتمويل الدولى |
| 942 |
_2ddc _cBK |
||
| 999 |
_c31020 _d31020 |
||